Top 25 Star Wars Characters - Statistics

General Stats
  • This quiz has been taken 3,057 times
  • The average score is 17 of 25
Answer Stats
Hint Answer % Correct
1. Darth Vader
98%
9. Luke Skywalker
98%
4. Princess Leia
96%
3. Han Solo
94%
2. Obi Wan Kenobi
94%
10. Yoda
90%
6. Chewbacca
88%
8. R2D2
81%
22. C3PO
79%
7. Emperor/Darth Sidious
78%
11. Darth Maul
77%
12. Padme
76%
18. Mace Windu
73%
20. Qui Gon Ginn
73%
5. Boba Fett
70%
13. Lando Calrissian
66%
14. Jabba The Hutt
65%
17. Jango Fett
63%
19. Count Dooku
55%
21. General Grievous
46%
24. Grand Moff Tarkin
41%
15. Admiral Ackbar
34%
23. The Ewoks
24%
16. Stormtroopers
13%
25. The Rancor
8%
No matching quizzes found
Score Distribution
Percent of People with Each Score
Percentile by Number Answered
Your Score History
You have not taken this quiz